[Event "Dortmund Sparkassen op-B"]
[Site "Dortmund"]
[Date "2011.07.27"]
[Round "5"]
[White "Savchenko, Daniel"]
[Black "Strohmann, Marc"]
[Result "1/2-1/2"]
[WhiteElo "1349"]
[BlackElo "1669"]
[PlyCount "45"]
[EventDate "2011.07.23"]
[EventType "swiss"]
[EventRounds "9"]
[EventCountry "GER"]
[SourceTitle "EXT 2013"]
[Source "ChessBase"]
[SourceDate "2012.11.22"]
[SourceVersion "1"]
[SourceVersionDate "2012.11.22"]
[SourceQuality "1"]

1. e4 Nf6 2. e5 Nd5 3. d4 d6 4. Nf3 dxe5 5. Nxe5 c6 6. Bc4 Nd7 7. Nc3 Nxe5 8. dxe5 Be6 9. Bxd5 Bxd5 10. Nxd5 cxd5 11. Be3 e6 12. Qd2 Qc7 13. f4 Be7 14. 0-0-0 Rc8 15. Qf2 b6 16. Rd3 Bc5 17. Bxc5 bxc5 18. Rb3 0-0 19. g4 Rb8 20. Rh3 Qb6 21. Rb3 Qa5 22. Ra3 Qb6 23. Rb3 1/2-1/2

[Event "GER-ch U25"]
[Site "Willingen"]
[Date "2005.05.19"]
[Round "8"]
[White "Strohmann, Marc"]
[Black "Sadjadi, Bijan Viktor"]
[Result "1-0"]
[WhiteElo "1267"]
[BlackElo "750"]
[PlyCount "35"]
[EventDate "2005.05.14"]
[EventType "swiss"]
[EventRounds "9"]
[EventCountry "GER"]
[SourceTitle "CBM 106 Extra"]
[Source "ChessBase"]
[SourceDate "2005.07.01"]
[SourceVersion "1"]
[SourceVersionDate "2005.07.01"]
[SourceQuality "1"]

1. f4 d5 2. e3 Nf6 3. Nf3 Bg4 4. b3 e6 5. Bb2 Be7 6. Bd3 0-0 7. 0-0 Bd6 8. Qe1 Nc6 9. Qh4 h6 10. Ne5 Bf5 11. Nxc6 bxc6 12. Rf3 Bxd3 13. cxd3 Be7 14. Rg3 h5 15. Rh3 g6 16. Qg5 Ng4 17. Qxg4 f5 18. Qxg6# 1-0

[Event "GER-ch U10"]
[Site "Willingen"]
[Date "2004.06.03"]
[Round "9"]
[White "Strohmann, Marc"]
[Black "Braun, Georg"]
[Result "1/2-1/2"]
[WhiteElo "1248"]
[BlackElo "1181"]
[PlyCount "54"]
[EventDate "2004.06.??"]
[EventType "swiss"]
[EventRounds "11"]
[EventCountry "GER"]
[SourceTitle "EXT 2005"]
[Source "ChessBase"]
[SourceDate "2004.11.15"]
[SourceVersion "1"]
[SourceVersionDate "2004.11.15"]
[SourceQuality "1"]

1. f4 d5 2. Nf3 Nf6 3. e3 Bf5 4. b3 c5 5. Bb2 e6 6. Bb5+ Nbd7 7. Bxd7+ Nxd7 8. 0-0 f6 9. d3 Bd6 10. Qe1 Qb6 11. Nbd2 0-0-0 12. Rc1 Rhe8 13. Qe2 Bg4 14. c4 dxc4 15. Nxc4 Qc6 16. b4 Be7 17. d4 Kb8 18. dxc5 Bxf3 19. Qxf3 Qb5 20. a3 Rc8 21. Nd2 a5 22. bxa5 Rxc5 23. Rxc5 Bxc5 24. Rb1 Qa6 25. g4 Qa7 26. Nf1 Rc8 27. h4 Rc7 1/2-1/2

[Event "GER-ch U10"]
[Site "Willingen"]
[Date "2004.06.02"]
[Round "8"]
[White "Liptak, Patrick"]
[Black "Strohmann, Marc"]
[Result "0-1"]
[WhiteElo "1085"]
[BlackElo "1248"]
[PlyCount "80"]
[EventDate "2004.06.??"]
[EventType "swiss"]
[EventRounds "11"]
[EventCountry "GER"]
[SourceTitle "EXT 2005"]
[Source "ChessBase"]
[SourceDate "2004.11.15"]
[SourceVersion "1"]
[SourceVersionDate "2004.11.15"]
[SourceQuality "1"]

1. e4 c6 2. d4 d5 3. exd5 cxd5 4. Bd3 Nc6 5. c3 g6 6. Ne2 Bg7 7. Bf4 Nf6 8. f3 e6 9. Na3 0-0 10. Qd2 Bd7 11. 0-0-0 Rc8 12. Kb1 Qb6 13. g4 Rfd8 14. Bh6 Ne7 15. Bxg7 Kxg7 16. h4 Qa5 17. h5 Rc6 18. hxg6 Nxg6 19. Bxg6 fxg6 20. Qh6+ Kg8 21. Nf4 Be8 22. g5 Nh5 23. Nxh5 gxh5 24. Rdf1 Bg6+ 25. Ka1 Rxc3 26. Nb1 Rc2 27. Na3 Rd2 28. Rd1 Rf8 29. Nb1 Rxd1 30. Rxd1 Rxf3 31. Rc1 Rf8 32. Nc3 Qc7 33. Ne2 Qd6 34. Rh1 e5 35. b3 exd4 36. Nxd4 Qe5 37. Rd1 Rf1 38. Qxg6+ hxg6 39. Rxf1 Qxd4+ 40. Kb1 Qd3+ 0-1

[Event "GER-ch U10"]
[Site "Willingen"]
[Date "2004.05.31"]
[Round "5"]
[White "Strohmann, Marc"]
[Black "Prymak, Anna"]
[Result "1-0"]
[WhiteElo "1248"]
[BlackElo "774"]
[PlyCount "53"]
[EventDate "2004.06.??"]
[EventType "swiss"]
[EventRounds "11"]
[EventCountry "GER"]
[SourceTitle "EXT 2005"]
[Source "ChessBase"]
[SourceDate "2004.11.15"]
[SourceVersion "1"]
[SourceVersionDate "2004.11.15"]
[SourceQuality "1"]

1. f4 e5 2. fxe5 d6 3. exd6 Bxd6 4. Nf3 Nf6 5. e3 a6 6. b3 Ng4 7. Bb2 h5 8. Bxg7 Rh7 9. Bb2 h4 10. Bd3 Rh6 11. Qe2 h3 12. g3 Nd7 13. Nc3 Qf6 14. 0-0-0 Nde5 15. Nxe5 Bxe5 16. Rdf1 Qg7 17. Bc4 b5 18. Bxf7+ Ke7 19. Bd5 b4 20. Rf7+ Qxf7 21. Bxf7 Kxf7 22. Qf3+ Rf6 23. Qxa8 Be6 24. Nd1 c5 25. Bxe5 Nxe5 26. Qxa6 c4 27. Qb7+ 1-0